000 00739nam a2200253 i 4500
001 000027996
003 DO-SdBNP
005 20260211125552.0
007 ta
008 110406s1995 dr 000 0 spa d
040 _aDO-SdBNP
_bspa
_cBNPHU
_erda
041 _aspa
082 _axxx
_bH519g
_222
100 1 _aHenríquez Gratereaux, Federico,
_d1937-
_eautor
_92003
245 3 _aLa globalización avanza hacia el pasado /
_cFederico Henríquez Gratereaux.
264 _aSanto Domingo :
_bTaller,
_c1995.
300 _a29 páginas ;
_c21 cm.
336 _ardacontent
_btexto
_2txt
337 _ardamedia
_bsin mediación
_2n
338 _ardacarrier
_bvolumen
_2nc
590 _aInventariado,2026/DG
910 _aDG
942 _2ddc
_cLF2
999 _c27488
_d27488